000 00614cam a22002293a 4500
001 12919
003 PGUSA
005 20140828083259.0
008 040716s2004||||xxu|||||s|||||000 1 eng d
040 _aPGUSA
_beng
042 _adc
050 4 _aPS
100 1 _aAdams, Andy,
_d1859-1935
245 1 2 _aA Texas Matchmaker
_h[electronic resource] /
_cAndy Adams
260 _bProject Gutenberg,
_c2004
506 _aPublic domain in the USA.
516 _aElectronic text
653 _aTexas -- Fiction
830 0 _aProject Gutenberg
_v12919
856 4 0 _uhttp://www.gutenberg.org/ebooks/12919
942 _cEB
999 _c242174
_d242174